000 00309nam a22001337a 4500
008 171002b xxu||||| |||| 00| 0 eng d
020 _a9780205377817
041 _aeng
080 _a37
100 _a47
101 _aEDU
245 _aHUMAN BEHAVIOR SOCIAL ENVIRONMENT
_cSCHRIVER.J.M
942 _2udc
_cBK
999 _c31130
_d31130